header

Personality traits (Record no. 63880)

MARC details
000 -LEADER
fixed length control field 01392nam a2200349Ia 4500
082 04 - DEWEY DECIMAL CLASSIFICATION NUMBER
Classification number 155.2/32
245 00 - TITLE STATEMENT
Title Personality traits
260 ## - PUBLICATION, DISTRIBUTION, ETC. (IMPRINT)
Place of publication Hauppauge, N.Y. :
Name of publisher Nova Science Publisher's,
Year of publication c2011.
300 ## - PHYSICAL DESCRIPTION
Number of Pages xiii, 216 p. :
Other physical details ill.
490 1# - SERIES STATEMENT
Series statement Psychology of emotions, motivations and actions
650 #0 - SUBJECT ADDED ENTRY--TOPICAL TERM
Topical Term Personality tests.
Topical Term Personality assessment.
Topical Term Personality disorders.
700 1# - ADDED ENTRY--PERSONAL NAME
Personal name Jordan, Melissa E.
856 40 - ELECTRONIC LOCATION AND ACCESS
Uniform Resource Identifier http://site.ebrary.com/lib/rucke/Doc?id=10658987

No items available.

© 2026 Rongo University
Contact us: librarian | system librarian | Rongo university